000 00403pab a2200133 454500
008 180718b xxu||||| |||| 00| 0 eng d
100 _aVyas, V.S.
245 _aNew economic policy and vulnerable sections: rationale for public intervention
650 _a New Economic Policy
650 _a Economic Policy
650 _aIndia - Economic Policy
773 _aEconomic and Political Weekly
909 _a23730
999 _c23730
_d23730